Stakeholders' perceptions of the DCF method in hotel valuations (Record no. 118337)

MARC details
000 -LEADER
fixed length control field 01408cam a2200241 4500
001 - CONTROL NUMBER
control field ABS68483
008 - FIXED-LENGTH DATA ELEMENTS--GENERAL INFORMATION
fixed length control field 041118n2004 000 0 eng u
035 ## - SYSTEM CONTROL NUMBER
System control number (Sirsi) u128044
100 ## - MAIN ENTRY--PERSONAL NAME
Personal name Verginis, C.
245 ## - TITLE STATEMENT
Title Stakeholders' perceptions of the DCF method in hotel valuations
260 ## - PUBLICATION, DISTRIBUTION, ETC.
Date of publication, distribution, etc. 2004
490 ## - SERIES STATEMENT
Series statement Property Management
Volume/sequential designation 22(5) 2004, 358-376(19)
520 ## - SUMMARY, ETC.
Summary, etc. Reports on the findings of a questionnaire survey of hotel stakeholders, as to the perceived suitability of Discounted Cash Flow (DCF) valuations in respect of hotel property. Findings suggest that the majority of respondents supported the view that the DCF method was the most suitable method in relation to hotel valuations. However, there are indications that the recommended practice of the need for using supporting valuation approaches might not be widely observed or understood. In addition, there was a view among a significant minority of respondents that the DCF method was only applicable for those properties operating at the higher market levels. Includes copy of survey questionnaire, tables, graphs and references. [Taken from journal abstract].
590 ## - LOCAL NOTE (RLIN)
Local note ABS
590 ## - LOCAL NOTE (RLIN)
Local note ABS
650 ## - SUBJECT ADDED ENTRY--TOPICAL TERM
Topical term or geographic name entry element DISCOUNTED CASH FLOW
650 ## - SUBJECT ADDED ENTRY--TOPICAL TERM
Topical term or geographic name entry element HOTELS
650 ## - SUBJECT ADDED ENTRY--TOPICAL TERM
Topical term or geographic name entry element STAKEHOLDERS
650 ## - SUBJECT ADDED ENTRY--TOPICAL TERM
Topical term or geographic name entry element CAPITALISATION OF INCOME
690 ## - LOCAL SUBJECT ADDED ENTRY--TOPICAL TERM (OCLC, RLIN)
Topical term or geographic name as entry element VALUATION AND INVESTMENT APPRAISAL-COMMERCIAL
700 ## - ADDED ENTRY--PERSONAL NAME
Personal name Taylor, J.
942 ## - ADDED ENTRY ELEMENTS (KOHA)
Suppress in OPAC 0
Holdings
Withdrawn status Lost status Source of classification or shelving scheme Damaged status Not for loan Home library Current library Shelving location Date acquired Total Checkouts Full call number Barcode Date last seen Copy number Price effective from Koha item type
    Dewey Decimal Classification     London London Journal article 18/11/2004   ABS68483 128044-1001 06/08/2019 1 06/08/2019 Journal article